| 000 | 00669nam a2200181 a 4500 | ||
|---|---|---|---|
| 001 | 000038082 | ||
| 005 | 20201002031154.0 | ||
| 008 | 130313s2010 dr ab 000 0 spa d | ||
| 040 |
_aDO-SdBNP _bspa _cBNPHU |
||
| 245 | 0 | 0 |
_aParticipar, a partir del anteproyecto de ley de participación / _cMarianela Pinales...[et.al]; presentación Marcos Villamán. |
| 246 | 1 | 4 | _aDimensión municipal |
| 260 |
_aSanto Domingo : _bCONARE, _c2010. |
||
| 300 |
_a48 p. ; : _bil., gráf. ; _c29 cm. |
||
| 500 | _aIncluye notas al pie de las páginas | ||
| 700 | 1 |
_aPinales, Marianela _964475 |
|
| 700 | 1 |
_aVillamán, Marcos _9760 |
|
| 710 | 2 |
_aConsejo Nacional de Reforma del Estado _910038 |
|
| 999 |
_c37572 _d37572 |
||